| 000 | 00844nam a2200265 i 4500 | ||
|---|---|---|---|
| 001 | 000043953 | ||
| 003 | DO-SdBNP | ||
| 005 | 20240731121321.0 | ||
| 007 | ta | ||
| 008 | 140512s1995 sp ac 001 0 spa d | ||
| 020 | _a8423992268 | ||
| 040 |
_aDO-SdBNP _bspa _cBNPHU _erda |
||
| 041 | _aspa | ||
| 082 | 4 |
_222 _a000 _b000 |
|
| 245 | 0 | 0 |
_aDiccionario de escritores célebres / _cdirigido por José María Martínez Cachero. |
| 264 | 4 |
_aMadrid : _bEspasa Calpe, D. L., _c©1995. |
|
| 300 |
_aIX, 723 páginas : _bilustraciones, retratos ; _c18 cm. |
||
| 336 |
_2rdacontent _atexto _btxt |
||
| 337 |
_2rdamedia _asin mediación _bn |
||
| 338 |
_2rdacarrier _avolumen _bnc |
||
| 490 | 0 | _aEspasa de Bolsillo | |
| 590 | _aInventariado, 2024 /LP | ||
| 700 | 1 |
_aMartínez Cachero, José María, _921994 _edir., prologuista |
|
| 942 |
_2ddc _cLBS1 |
||
| 999 |
_c43442 _d43442 |
||